Star Wars Bounty Hunters - Statistics

General Stats
  • This quiz has been taken 263 times
  • The average score is 11 of 16
Answer Stats
Picture Answer % Correct
Boba Fett
100%
Jango Fett
99%
Greedo
94%
Bossk
92%
Cad Bane
92%
Din Djarin
90%
IG-88
78%
Dengar
70%
Aurra Sing
61%
Embo
58%
Fennec Shand
54%
Zam Wesell
50%
4-LOM
44%
Zuckuss
35%
Boushh
33%
Black Krrsantan
32%
No matching quizzes found
Score Distribution
Percent of People with Each Score
Percentile by Number Answered
Your Score History
You have not taken this quiz